Jamie Hewlett: Works from the Last 25 Years.
Guardat en:
| Autor principal: | |
|---|---|
| Altres autors: | , , |
| Format: | Llibre |
| Publicat: |
Köln, Germany:
Taschen,
2022.
|
| Matèries: | |
| Etiquetes: |
Afegir etiqueta
Sense etiquetes, Sigues el primer a etiquetar aquest registre!
|
MARC
| LEADER | 00000nam a22000007a 4500 | ||
|---|---|---|---|
| 003 | CL-VaPUC | ||
| 005 | 20250321101921.0 | ||
| 008 | 250115t2022 ||||| |||| 00| 0 eng d | ||
| 999 | |c 446555 |d 446553 | ||
| 020 | |a 978-3-8365-8263-6 | ||
| 040 | |c Pontificia Universidad Católica de Valparaíso | ||
| 082 | |a 741.6 HEW 2022 | ||
| 100 | |9 895462 |a Hewlett, Jamie |e author | ||
| 245 | |a Jamie Hewlett: |b Works from the Last 25 Years. | ||
| 260 | |a Köln, Germany: |b Taschen, |c 2022. | ||
| 300 | |a 511 páginas: |b ilustraciones, fotografías. | ||
| 500 | |a c.1-c.2. Instituto Arcos.08-01-2025. | ||
| 583 | |c 20250115 |k Gabriela Rodríguez Cuevas | ||
| 600 | 0 | |9 895462 |a Hewlett, Jamie |d 1968- |e Historietista y diseñador gráfico |x Vida y obra artística |z Inglaterra | |
| 650 | 0 | |9 329219 |a Ilustradores ingleses | |
| 650 | 0 | |9 369534 |a Cómics |z Inglaterra | |
| 650 | 0 | |9 359381 |a Caricaturas |z Inglaterra | |
| 700 | |9 895463 |a Woo, Keong |e text | ||
| 700 | |9 895464 |a Kügler, Katrin |e german traslation | ||
| 700 | |9 895465 |a Daniel, Aurélie |e french translation | ||
| 942 | |2 ddc |c BK |n 0 | ||
| 952 | |0 0 |1 0 |2 ddc |4 0 |6 741_600000000000000_HEW_2022 |7 0 |9 599386 |a BIBINC |b BIBINC |c GEN |d 2025-01-15 |e Instituto Arcos |i 5664219 |l 3 |o 741.6 HEW 2022 |p 5664219 |r 2025-04-14 |s 2025-04-08 |t 1 |w 2025-01-15 |y BK |k IFP | ||
| 952 | |0 0 |1 0 |2 ddc |4 0 |6 741_600000000000000_HEW_2022 |7 0 |9 599387 |a BIBINC |b BIBINC |c GEN |d 2025-01-15 |e Instituto Arcos |i 5664220 |l 2 |o 741.6 HEW 2022 |p 5664220 |r 2025-04-10 |s 2025-04-03 |t 2 |w 2025-01-15 |y BK |k IFP | ||